[Event "Open Brno 2014"]
[Site "Brno CZE"]
[Date "2014.11.15"]
[Round "1.1"]
[White "Gurtovoi, Borys"]
[Black "Kourousis, Epaminondas"]
[Result "0-1"]
[WhiteElo "1919"]
[BlackElo "2380"]
[PlyCount "64"]
[EventDate "2014.11.15"]
[EventType "swiss"]
[EventRounds "9"]
[EventCountry "CZE"]
[Source "lmi"]
[SourceDate "2014.11.15"]

1. Nf3 Nf6 2. g3 b6 3. Bg2 Bb7 4. c4 e6 5. O-O Be7 6. Nc3 O-O 7. d3 c5 8. Bg5
h6 9. Bd2 d6 10. a3 Nc6 11. Qc2 Rc8 12. Rab1 d5 13. e3 Rc7 14. Ne2 dxc4 15.
dxc4 Qa8 16. Ne1 Rd8 17. Bc3 Rcd7 18. f3 Ne8 19. Nf4 Nd6 20. Bh3 Bg5 21. b3 Ne7
22. Rd1 Ndf5 23. Rxd7 Rxd7 24. Bxf5 Nxf5 25. Qe2 Bxf4 26. gxf4 Qd8 27. Ng2 Rd3
28. Be5 f6 29. Ba1 Rd2 30. Qe1 Qd3 31. e4 Re2 32. Qd1 Rxg2+ 0-1

[Event "Open Brno 2014"]
[Site "Brno CZE"]
[Date "2014.11.15"]
[Round "1.2"]
[White "Kulon, Klaudia"]
[Black "Sernecki, Franciszek"]
[Result "1-0"]
[WhiteElo "2374"]
[BlackElo "1903"]
[PlyCount "63"]
[EventDate "2014.11.15"]
[EventType "swiss"]
[EventRounds "9"]
[EventCountry "CZE"]
[Source "lmi"]
[SourceDate "2014.11.15"]

1. c4 c5 2. g3 Nc6 3. Bg2 e5 4. Nc3 d6 5. e3 Nf6 6. Nge2 Be6 7. d3 Be7 8. a3
O-O 9. Nd5 Re8 10. Rb1 Bf5 11. Nec3 Bf8 12. e4 Be6 13. Bg5 Be7 14. Nxe7+ Qxe7
15. f4 exf4 16. gxf4 h6 17. Bh4 g5 18. fxg5 Nh7 19. Qh5 hxg5 20. Bg3 f5 21. h4
f4 22. Bf2 Ne5 23. hxg5 Nxd3+ 24. Kf1 f3 25. Bxf3 Bxc4 26. Be2 Rf8 27. Rh2 Ne5
28. g6 Bxe2+ 29. Kxe2 Nf3 30. Qd5+ Kh8 31. Rxh7+ Qxh7 32. gxh7 1-0

[Event "Open Brno 2014"]
[Site "Brno CZE"]
[Date "2014.11.15"]
[Round "1.3"]
[White "Zemlicka, Vit"]
[Black "Constantinou, Peter"]
[Result "0-1"]
[WhiteElo "1899"]
[BlackElo "2298"]
[PlyCount "66"]
[EventDate "2014.11.15"]
[EventType "swiss"]
[EventRounds "9"]
[EventCountry "CZE"]
[Source "lmi"]
[SourceDate "2014.11.15"]

1. e4 g6 2. d4 Bg7 3. Nc3 d6 4. f4 e6 5. Nf3 Ne7 6. Be3 a6 7. Bd3 b5 8. O-O O-O
9. Ne2 Nd7 10. a4 b4 11. c3 a5 12. cxb4 axb4 13. Rc1 c5 14. b3 Bb7 15. Ng3 Rc8
16. Qd2 Nc6 17. Qf2 Na5 18. Nd2 Qe7 19. h3 Rfd8 20. Bb5 Nc6 21. Nf3 cxd4 22.
Nxd4 Na5 23. Rb1 Nc5 24. f5 Nxe4 25. Nxe4 Bxe4 26. f6 Bxf6 27. Rbe1 Be5 28. Bh6
d5 29. Re2 Rc7 30. Bd2 Bxd4 31. Qxd4 Nxb3 32. Qxb4 Nxd2 33. Qxd2 Rc2 0-1

[Event "Open Brno 2014"]
[Site "Brno CZE"]
[Date "2014.11.15"]
[Round "1.5"]
[White "Simkin, Alexander"]
[Black "Burnett, Andrew"]
[Result "0-1"]
[WhiteElo "1890"]
[BlackElo "2269"]
[PlyCount "126"]
[EventDate "2014.11.15"]
[EventType "swiss"]
[EventRounds "9"]
[EventCountry "CZE"]
[Source "lmi"]
[SourceDate "2014.11.15"]

1. e4 c5 2. Nf3 e6 3. d4 cxd4 4. Nxd4 a6 5. Bd3 Nf6 6. O-O Qc7 7. Be3 Nc6 8.
Nxc6 dxc6 9. f4 e5 10. f5 h5 11. Kh1 b5 12. Nd2 Bb7 13. a4 h4 14. Bg5 h3 15. g3
Nd7 16. Be3 Bc5 17. Qe2 Qb6 18. Rf3 Rd8 19. b4 Bxe3 20. Qxe3 Qd4 21. Qxd4 exd4
22. Rf4 O-O 23. Kg1 Rfe8 24. Nf3 Nb6 25. a5 Nc4 26. Kf2 Ne5 27. Re1 c5 28. bxc5
Rc8 29. Nxd4 Rcd8 30. Ke3 g5 31. fxg6 fxg6 32. Nf3 Nd7 33. Rg4 Kg7 34. Rg5 Kh6
35. c6 Bxc6 36. Rg4 Nf6 37. Rh4+ Kg7 38. Ng5 Re5 39. Nf3 Re7 40. e5 g5 41. Nxg5
Rxe5+ 42. Ne4 Bxe4 43. Bxe4 Rxe4+ 44. Rxe4 Nxe4 45. Kf4 Rf8+ 46. Kg4 Nf2+ 47.
Kg5 Rc8 48. Re2 Rc5+ 49. Kh4 Rc4+ 50. Kh5 Ne4 51. g4 Nf6+ 52. Kh4 Rxg4+ 53.
Kxh3 Ra4 54. Re7+ Kg6 55. Rc7 Rxa5 56. c4 Ra3+ 57. Kg2 b4 58. Rb7 a5 59. Rb5
Rc3 60. Rxa5 Rxc4 61. Rb5 Rd4 62. Kf3 Nd5 63. Ke2 Nc3+ 0-1

[Event "Open Brno 2014"]
[Site "Brno CZE"]
[Date "2014.11.15"]
[Round "1.6"]
[White "Blahynka, Martin"]
[Black "Veznik, Michael"]
[Result "1-0"]
[WhiteElo "2237"]
[BlackElo "1839"]
[PlyCount "41"]
[EventDate "2014.11.15"]
[EventType "swiss"]
[EventRounds "9"]
[EventCountry "CZE"]
[Source "lmi"]
[SourceDate "2014.11.15"]

1. e4 e5 2. Nf3 d6 3. d4 exd4 4. Nxd4 Nf6 5. Nc3 Be7 6. h3 O-O 7. Be3 Re8 8.
Qf3 Nbd7 9. g4 Ne5 10. Qg2 c6 11. O-O-O Qc7 12. g5 Nfd7 13. f4 Ng6 14. h4 b5
15. h5 Nh8 16. g6 hxg6 17. Qh2 Nf6 18. hxg6 Nxg6 19. f5 b4 20. fxg6 fxg6 21.
Bc4+ 1-0

[Event "Open Brno 2014"]
[Site "Brno CZE"]
[Date "2014.11.15"]
[Round "1.7"]
[White "Rusek, Walter"]
[Black "Kratochvil, Josef"]
[Result "1/2-1/2"]
[WhiteElo "1798"]
[BlackElo "2236"]
[PlyCount "148"]
[EventDate "2014.11.15"]
[EventType "swiss"]
[EventRounds "9"]
[EventCountry "CZE"]
[Source "lmi"]
[SourceDate "2014.11.15"]

1. d4 Nf6 2. c4 c5 3. d5 e6 4. Nc3 exd5 5. Nxd5 Nxd5 6. Qxd5 Nc6 7. Bd2 d6 8.
Bc3 Be6 9. Qe4 Qd7 10. e3 O-O-O 11. Qc2 d5 12. cxd5 Qxd5 13. e4 Qh5 14. Nf3 Kb8
15. a3 Be7 16. Be2 Qg6 17. Ne5 Nxe5 18. Bxe5+ Ka8 19. Bf3 f6 20. Bf4 Qf7 21.
O-O g5 22. Be3 g4 23. Be2 h5 24. Bf4 Rd4 25. Be3 Bb3 26. Qb1 Rd7 27. Bd1 Bc4
28. Re1 Rhd8 29. Bc2 h4 30. b4 Qh5 31. e5 g3 32. h3 gxf2+ 33. Bxf2 Rd2 34. Bg6
Qg5 35. Qf5 Qxf5 36. Bxf5 fxe5 37. Rac1 Bd5 38. bxc5 Rf8 39. Rc2 Rxf2 40. Rxf2
Bxc5 41. Rxe5 Bxf2+ 42. Kxf2 Bc6 43. Kg1 Kb8 44. Be4 Rf4 45. Bxc6 bxc6 46. Re7
Ra4 47. Re3 Kc7 48. g3 hxg3 49. Rxg3 Kd6 50. Kf2 c5 51. Rd3+ Ke5 52. Ke3 Rh4
53. Kd2 c4 54. Re3+ Kd4 55. Rg3 Rh6 56. Rg4+ Kc5 57. Rg5+ Kc6 58. Rg3 Kb5 59.
Kc3 Rh4 60. Rg5+ Ka4 61. Rg7 a5 62. Ra7 Rxh3+ 63. Kxc4 Rxa3 64. Rb7 Rh3 65. Rb1
Rh4+ 66. Kc3 Rh3+ 67. Kb2 Kb4 68. Kc2+ Kc4 69. Rb8 Rh2+ 70. Kb1 a4 71. Ka1 Kc3
72. Rb7 a3 73. Rc7+ Kb3 74. Rb7+ Kc3 1/2-1/2

[Event "Open Brno 2014"]
[Site "Brno CZE"]
[Date "2014.11.15"]
[Round "1.8"]
[White "Semenova, Elena"]
[Black "Hrdlicka, Vladan"]
[Result "1-0"]
[WhiteElo "2227"]
[BlackElo "1797"]
[PlyCount "89"]
[EventDate "2014.11.15"]
[EventType "swiss"]
[EventRounds "9"]
[EventCountry "CZE"]
[Source "lmi"]
[SourceDate "2014.11.15"]

1. e4 e6 2. Nf3 d5 3. Nc3 Nf6 4. e5 Nfd7 5. d4 c5 6. dxc5 Bxc5 7. Bd3 Nc6 8.
Bf4 a6 9. O-O b5 10. a3 Qc7 11. Bg3 Ndxe5 12. Nxe5 Nxe5 13. Qh5 Bd6 14. Bxb5+
Bd7 15. Bxd7+ Nxd7 16. Nxd5 Qc5 17. Bxd6 Qxd6 18. Ne3 O-O 19. Rfd1 Qc6 20. Rd4
Rab8 21. b4 Rb5 22. Qd1 Nf6 23. c4 Rg5 24. Rd8 g6 25. Rxf8+ Kxf8 26. Qd4 Qf3
27. Kf1 Rxg2 28. Nxg2 Ng4 29. Qf4 Qd3+ 30. Kg1 h5 31. Rc1 Qxa3 32. c5 e5 33.
Qd2 Qh3 34. Qd8+ Kg7 35. Qh4 Qa3 36. Re1 f6 37. h3 Nh6 38. Rd1 Qa4 39. Rd6 g5
40. Qe4 g4 41. c6 Nf7 42. Rd7 gxh3 43. Nh4 Qa1+ 44. Kh2 Qb2 45. Qg6+ 1-0

[Event "Open Brno 2014"]
[Site "Brno CZE"]
[Date "2014.11.15"]
[Round "1.9"]
[White "Kaplan, Milan"]
[Black "Bartos, Jan"]
[Result "0-1"]
[WhiteElo "1791"]
[BlackElo "2194"]
[PlyCount "83"]
[EventDate "2014.11.15"]
[EventType "swiss"]
[EventRounds "9"]
[EventCountry "CZE"]
[Source "lmi"]
[SourceDate "2014.11.15"]

1. e4 g6 2. d4 Bg7 3. Nc3 d6 4. Nf3 a6 5. a4 b6 6. Be3 Bb7 7. Be2 Nf6 8. d5 O-O
9. h3 c5 10. Qd2 e6 11. O-O exd5 12. exd5 Re8 13. Bg5 Nbd7 14. Rae1 Qc7 15. Bc4
Rxe1 16. Rxe1 Re8 17. Rxe8+ Nxe8 18. Qe2 Qc8 19. Ne4 Ne5 20. Nxe5 Bxe5 21. c3
f5 22. f4 Bg7 23. Nf2 Nc7 24. Qe7 Bf8 25. Qd8 Qxd8 26. Bxd8 b5 27. Bxc7 bxc4
28. Nd1 Bxd5 29. Ne3 Be6 30. g4 Kf7 31. a5 Ke7 32. g5 Kd7 33. Bb6 d5 34. Nc2
Bd6 35. Kf2 Bxf4 36. Bxc5 Bxg5 37. Nb4 Bc1 38. Nxa6 Bxb2 39. Bd4 Kc6 40. Nc5
Bc8 41. a6 Bxc3 42. Ne6 0-1

[Event "Open Brno 2014"]
[Site "Brno CZE"]
[Date "2014.11.15"]
[Round "1.10"]
[White "Rehurek, Lukas"]
[Black "Zejda, Karel"]
[Result "1-0"]
[WhiteElo "2188"]
[BlackElo "1773"]
[PlyCount "123"]
[EventDate "2014.11.15"]
[EventType "swiss"]
[EventRounds "9"]
[EventCountry "CZE"]
[Source "lmi"]
[SourceDate "2014.11.15"]

1. e4 c5 2. Nf3 d6 3. d4 cxd4 4. Nxd4 Nf6 5. Nc3 a6 6. g3 e6 7. Bg2 Be7 8. O-O
Qc7 9. Be3 Nbd7 10. f4 O-O 11. g4 g6 12. g5 Nh5 13. f5 Ne5 14. f6 Bd8 15. Bf3
Nxf3+ 16. Qxf3 b5 17. a3 Bb7 18. Nde2 Qc6 19. Ng3 Bb6 20. Nxh5 Bxe3+ 21. Qxe3
gxh5 22. Qf3 Kh8 23. Qxh5 Qc5+ 24. Rf2 Rg8 25. h4 Rg6 26. Qf3 Rd8 27. Kh2 d5
28. exd5 Bxd5 29. Nxd5 Rxd5 30. Raf1 Rg8 31. Qg3 Rgd8 32. Rg2 Rd2 33. Rff2 R2d5
34. c3 Rd3 35. Rf3 Rd1 36. Qf4 Qd5 37. g6 fxg6 38. Rxg6 Qd2+ 39. Rg2 Qxf4+ 40.
Rxf4 Rf8 41. Re2 Rd6 42. Re5 Rd2+ 43. Kh3 Rxb2 44. Rxe6 a5 45. Kg4 Rb3 46. a4
bxa4 47. Rxa4 Rb5 48. Ra6 Rc5 49. R4xa5 Rxc3 50. Re5 Rc1 51. Re7 Rg1+ 52. Kh5
Rg6 53. Rxh7+ Kxh7 54. Ra7+ Rg7 55. Rxg7+ Kh8 56. Rg6 Rf7 57. Rh6+ Kg8 58. Kg6
Ra7 59. Rh5 Rb7 60. Re5 Kf8 61. h5 Rb1 62. h6 1-0

[Event "Open Brno 2014"]
[Site "Brno CZE"]
[Date "2014.11.15"]
[Round "1.11"]
[White "Kosina, Vladimir"]
[Black "Cherednichenko, Elena"]
[Result "0-1"]
[WhiteElo "1763"]
[BlackElo "2174"]
[PlyCount "104"]
[EventDate "2014.11.15"]
[EventType "swiss"]
[EventRounds "9"]
[EventCountry "CZE"]
[Source "lmi"]
[SourceDate "2014.11.15"]

1. c4 e5 2. Nc3 Nc6 3. Nf3 g6 4. g3 Bg7 5. Bg2 d6 6. O-O Nf6 7. d3 O-O 8. Bd2
Bd7 9. Qc1 Qc8 10. Bh6 Bh3 11. Bxg7 Kxg7 12. Rb1 a5 13. b3 Nh5 14. Nd5 Bxg2 15.
Kxg2 Nb4 16. Nc3 Qg4 17. h3 Qd7 18. a3 Nc6 19. e3 f5 20. Nd5 Nd8 21. Kh2 Ne6
22. Rg1 g5 23. Qc3 g4 24. Nxe5 dxe5 25. Qxe5+ Kh6 26. h4 Qd6 27. Qb2 c6 28. Nb6
Ra6 29. Na4 Qxd3 30. Rgd1 Qe4 31. Rd6 Nf6 32. Rbd1 Kg6 33. Kg1 h5 34. Qe2 Raa8
35. R1d3 Qe5 36. Qd1 Ne4 37. Rd7 Rab8 38. b4 axb4 39. axb4 b5 40. cxb5 cxb5 41.
R7d5 Qf6 42. Nc5 N4xc5 43. bxc5 Rfd8 44. Rd6 Rxd6 45. Rxd6 Rd8 46. Qb1 Rxd6 47.
cxd6 Qe5 48. Qb3 Kf6 49. Qd3 b4 50. d7 Ke7 51. d8=Q+ Nxd8 52. Qb5 Qxb5 0-1

[Event "Open Brno 2014"]
[Site "Brno CZE"]
[Date "2014.11.15"]
[Round "1.12"]
[White "Kratochvil, Karel"]
[Black "Trochta, Vojtech"]
[Result "1-0"]
[WhiteElo "2148"]
[BlackElo "1751"]
[PlyCount "55"]
[EventDate "2014.11.15"]
[EventType "swiss"]
[EventRounds "9"]
[EventCountry "CZE"]
[Source "lmi"]
[SourceDate "2014.11.15"]

1. d4 Nf6 2. c4 g6 3. Nc3 Bg7 4. e4 d6 5. Nf3 O-O 6. h3 Nbd7 7. Bg5 h6 8. Be3
e5 9. d5 Nc5 10. Bd3 Ne8 11. Bc2 f5 12. b4 Nxe4 13. Nxe4 fxe4 14. Nd2 Nf6 15.
g4 b5 16. Nxe4 bxc4 17. Qd2 c3 18. Nxc3 g5 19. Qd3 Bd7 20. h4 e4 21. Nxe4 Nxg4
22. Ng3 Qf6 23. O-O Ne5 24. Qh7+ Kf7 25. f4 Nf3+ 26. Rxf3 gxh4 27. Rd1 Rh8 28.
Nh5 1-0

[Event "Open Brno 2014"]
[Site "Brno CZE"]
[Date "2014.11.15"]
[Round "1.13"]
[White "Zuziak, Petr"]
[Black "Shevchenko, Kirill"]
[Result "0-1"]
[WhiteElo "1744"]
[BlackElo "2141"]
[PlyCount "74"]
[EventDate "2014.11.15"]
[EventType "swiss"]
[EventRounds "9"]
[EventCountry "CZE"]
[Source "lmi"]
[SourceDate "2014.11.15"]

1. Nf3 Nf6 2. g3 g6 3. Bg2 Bg7 4. d3 d5 5. Nbd2 c5 6. O-O Nc6 7. e4 O-O 8. Nh4
dxe4 9. dxe4 Bg4 10. f3 Be6 11. f4 Ng4 12. Ndf3 Bc4 13. Re1 Bd4+ 14. Nxd4 Qxd4+
15. Qxd4 Nxd4 16. Be3 Nxc2 17. Bxc5 Nxa1 18. Rxa1 Rac8 19. Bxa7 Ra8 20. Bc5
Rxa2 21. Rxa2 Bxa2 22. h3 Rc8 23. b4 b6 24. Bxb6 Rc1+ 25. Bf1 Nf6 26. Be3 Rc3
27. Ng2 Nxe4 28. Kh2 Bc4 29. Bxc4 Rxc4 30. b5 Nc3 31. b6 Nd5 32. Bf2 Rb4 33. g4
Nxb6 34. Bc5 Rb2 35. Bxe7 Nd5 36. Ba3 Ra2 37. Bc1 Rc2 0-1

[Event "Open Brno 2014"]
[Site "Brno CZE"]
[Date "2014.11.15"]
[Round "1.14"]
[White "Pokorny, Petr"]
[Black "Zikan, Karel"]
[Result "1-0"]
[WhiteElo "2138"]
[BlackElo "1743"]
[PlyCount "137"]
[EventDate "2014.11.15"]
[EventType "swiss"]
[EventRounds "9"]
[EventCountry "CZE"]
[Source "lmi"]
[SourceDate "2014.11.15"]

1. d4 Nf6 2. c4 e6 3. Nc3 d5 4. cxd5 exd5 5. Bg5 c6 6. e3 Bf5 7. Qf3 Bg6 8.
Bxf6 Qxf6 9. Qxf6 gxf6 10. h4 Bf5 11. Nge2 Bd6 12. g3 Nd7 13. Nf4 O-O-O 14. Be2
Rde8 15. Kd2 Rhg8 16. Bh5 Re7 17. Be2 Bxf4 18. gxf4 Rg2 19. Rag1 Rxg1 20. Rxg1
Nf8 21. Rg8 Re8 22. Bh5 Be6 23. Rg7 Re7 24. Rg8 Re8 25. Ne2 Kd8 26. Rg7 Re7 27.
Rg8 Ke8 28. Ng3 f5 29. Be2 f6 30. Bh5+ Bf7 31. Rg7 Bg6 32. Rxe7+ Kxe7 33. Be2
h6 34. Bd3 Ke6 35. Kc3 Nd7 36. Kb4 b6 37. Ba6 Kd6 38. Bc8 Kc7 39. Ba6 Kd6 40.
Bd3 Ke6 41. Ka4 a5 42. b4 axb4 43. Kxb4 Nb8 44. a4 Nd7 45. a5 bxa5+ 46. Kxa5 c5
47. dxc5 Nxc5 48. Bc2 Ne4 49. Bxe4 fxe4 50. Kb4 Kd6 51. Ne2 Bh5 52. Nd4 Bg4 53.
Kb5 Bd7+ 54. Kb6 Bc8 55. Nb5+ Ke6 56. Kc7 Ba6 57. Nd4+ Ke7 58. Kc6 Bc4 59. Kc5
Kf7 60. Nf5 Kg6 61. Ng3 f5 62. Kc6 Kf7 63. Nxf5 Kg6 64. Ng3 Kf6 65. Kd6 Kg6 66.
Ke5 Bb3 67. f5+ Kf7 68. Ne2 Bc4 69. Nf4 1-0

[Event "Open Brno 2014"]
[Site "Brno CZE"]
[Date "2014.11.15"]
[Round "1.15"]
[White "Doskar, Miloslav"]
[Black "Snorek, Milan"]
[Result "1/2-1/2"]
[WhiteElo "1725"]
[BlackElo "2105"]
[PlyCount "87"]
[EventDate "2014.11.15"]
[EventType "swiss"]
[EventRounds "9"]
[EventCountry "CZE"]
[Source "lmi"]
[SourceDate "2014.11.15"]

1. d4 d5 2. c4 dxc4 3. Nf3 Nf6 4. e3 e6 5. Bxc4 c5 6. O-O a6 7. Bd3 Nc6 8. dxc5
Bxc5 9. Nc3 O-O 10. a3 Qe7 11. b4 Bd6 12. Bb2 Rd8 13. Qc2 Bxb4 14. Ne4 Ne8 15.
Ng3 f5 16. Bc4 Bd6 17. Nxf5 Qf7 18. Rfd1 Kh8 19. Nxd6 Rxd6 20. Ng5 Qh5 21. Rxd6
Nxd6 22. Nf3 e5 23. Be2 Qe8 24. Rd1 Bf5 25. Qa4 b5 26. Qh4 Nf7 27. Ng5 Nh6 28.
Ne4 Nf7 29. Nd6 Nxd6 30. Rxd6 Rc8 31. e4 Bg6 32. Bg4 Rc7 33. Bf5 Bxf5 34. exf5
Rd7 35. Rxd7 Qxd7 36. Qh5 Kg8 37. h3 Qf7 38. Qf3 Qc4 39. f6 Nd4 40. Qa8+ Kf7
41. fxg7 Kxg7 42. Qa7+ Kg6 43. Qxa6+ Kg5 44. Qb7 1/2-1/2

[Event "Open Brno 2014"]
[Site "Brno CZE"]
[Date "2014.11.15"]
[Round "1.16"]
[White "Grove, Michael"]
[Black "Aleksandravicius, Darius"]
[Result "1-0"]
[WhiteElo "2083"]
[BlackElo "1722"]
[PlyCount "61"]
[EventDate "2014.11.15"]
[EventType "swiss"]
[EventRounds "9"]
[EventCountry "CZE"]
[Source "lmi"]
[SourceDate "2014.11.15"]

1. e4 c5 2. Nc3 g6 3. f4 Bg7 4. Nf3 d6 5. Bc4 e6 6. O-O Nc6 7. d3 Nge7 8. Qe1
Nd4 9. Nxd4 cxd4 10. Ne2 a6 11. Bb3 O-O 12. c3 dxc3 13. bxc3 b5 14. Be3 Bb7 15.
Rc1 Rc8 16. Nd4 Qd7 17. Qg3 e5 18. Ne2 d5 19. f5 f6 20. fxg6 hxg6 21. d4 a5 22.
dxe5 fxe5 23. a3 Rxf1+ 24. Rxf1 Rf8 25. Rd1 Qd6 26. Bc1 a4 27. Ba2 Qc5+ 28. Qe3
Qc8 29. exd5 Nf5 30. d6+ Kh7 31. Qh3+ 1-0

[Event "Open Brno 2014"]
[Site "Brno CZE"]
[Date "2014.11.15"]
[Round "1.17"]
[White "Feldvabl, Vilem"]
[Black "Dirgas, Josef"]
[Result "1/2-1/2"]
[WhiteElo "1716"]
[BlackElo "2078"]
[PlyCount "159"]
[EventDate "2014.11.15"]
[EventType "swiss"]
[EventRounds "9"]
[EventCountry "CZE"]
[Source "lmi"]
[SourceDate "2014.11.15"]

1. d4 d5 2. c4 c6 3. cxd5 cxd5 4. Nf3 Nf6 5. Bf4 Nc6 6. e3 Qb6 7. b3 e6 8. Be2
Bb4+ 9. Nbd2 Ne4 10. O-O Nc3 11. Qe1 Nxe2+ 12. Qxe2 O-O 13. Rfc1 Bd7 14. a3 Be7
15. b4 Rfc8 16. Nb3 a5 17. b5 Nd8 18. a4 f6 19. Ra2 Rxc1+ 20. Nxc1 Rc8 21. Rc2
Rxc2 22. Qxc2 Bd6 23. Bxd6 Qxd6 24. Qc3 b6 25. g3 Nf7 26. Nd3 Qb8 27. h4 Nd6
28. Nd2 Kf7 29. Nf4 Qc8 30. Ne2 Qxc3 31. Nxc3 Nf5 32. Nf1 Ke7 33. f4 Kd6 34.
Kf2 e5 35. Ne2 Nh6 36. Nh2 Bf5 37. Nc3 Bd3 38. Ke1 exd4 39. exd4 Nf5 40. Kd2
Be4 41. Ne2 Ke6 42. h5 Nd6 43. g4 Nc4+ 44. Kc1 f5 45. g5 Ne3 46. Kd2 Ng2 47.
Nf1 Bf3 48. Nfg3 Bg4 49. Kd3 h6 50. gxh6 gxh6 51. Kd2 Ke7 52. Kd3 Kf6 53. Kd2
Ke6 54. Kd3 Ne1+ 55. Kd2 Bxe2 56. Nxe2 Nf3+ 57. Ke3 Nh2 58. Ng3 Ng4+ 59. Ke2
Nf6 60. Kd3 Ne4 61. Ne2 Nd6 62. Kc3 Nc4 63. Ng3 Ne3 64. Kd3 Nd1 65. Kc2 Nf2 66.
Ne2 Ng4 67. Kd3 Nf2+ 68. Kd2 Kd6 69. Kc2 Ke6 70. Kd2 Ng4 71. Kd3 Nf6 72. Ng3
Ne8 73. Kc3 Nd6 74. Kd3 Nc4 75. Kc3 Ne3 76. Kd3 Nd1 77. Kc2 Nf2 78. Ne2 Ke7 79.
Kd2 Kd6 80. Kc2 1/2-1/2

[Event "Open Brno 2014"]
[Site "Brno CZE"]
[Date "2014.11.15"]
[Round "1.18"]
[White "Moes, Waldemar"]
[Black "Frej, Zofia"]
[Result "0-1"]
[WhiteElo "2054"]
[BlackElo "1713"]
[PlyCount "116"]
[EventDate "2014.11.15"]
[EventType "swiss"]
[EventRounds "9"]
[EventCountry "CZE"]
[Source "lmi"]
[SourceDate "2014.11.15"]

1. e4 c5 2. Nf3 Nc6 3. d4 cxd4 4. Nxd4 g6 5. Nc3 Bg7 6. Be3 Nf6 7. Bc4 Qa5 8.
O-O O-O 9. Bb3 d6 10. h3 Bd7 11. f4 Rac8 12. Qf3 Nxd4 13. Bxd4 Bc6 14. Nd5 Nxd5
15. Bxg7 Kxg7 16. exd5 Ba4 17. f5 Bxb3 18. axb3 Qb6+ 19. Kh1 Rxc2 20. Rae1 Rc7
21. Rxe7 Kg8 22. fxg6 hxg6 23. Qf6 Rxe7 24. Qxe7 Qb5 25. Rf6 Qxd5 26. Rxd6 Qxb3
27. Rd7 Qxb2 28. Rxb7 Qc1+ 29. Kh2 Qf4+ 30. Kh1 a5 31. Qc7 Qxc7 32. Rxc7 Ra8
33. Rc3 a4 34. Ra3 Kf8 35. Kg1 Ke7 36. Kf2 Kd6 37. Ke3 Kc5 38. Kd3 Kb4 39. Ra1
Rd8+ 40. Kc2 Rc8+ 41. Kb2 Re8 42. Rf1 Re2+ 43. Ka1 Rxg2 44. Rxf7 Rg3 45. h4 Rh3
46. Rf6 Kb3 47. Rb6+ Ka3 48. Rb1 Rxh4 49. Rg1 Rh3 50. Kb1 Kb3 51. Kc1 a3 52.
Kb1 g5 53. Ka1 g4 54. Kb1 g3 55. Ka1 g2 56. Rb1+ Ka4 57. Ka2 Rf3 58. Rf1 gxf1=N
0-1

[Event "Open Brno 2014"]
[Site "Brno CZE"]
[Date "2014.11.15"]
[Round "1.19"]
[White "Snasel, Michal"]
[Black "Vesely, Jaromir"]
[Result "0-1"]
[WhiteElo "1704"]
[BlackElo "2008"]
[PlyCount "88"]
[EventDate "2014.11.15"]
[EventType "swiss"]
[EventRounds "9"]
[EventCountry "CZE"]
[Source "lmi"]
[SourceDate "2014.11.15"]

1. e4 e6 2. Nf3 c5 3. b4 d5 4. e5 cxb4 5. a3 Nc6 6. axb4 Bxb4 7. c3 Be7 8. d4
h5 9. Bd3 Nh6 10. Na3 Nf5 11. Nb5 g6 12. Qa4 Kf8 13. O-O a6 14. Bxf5 gxf5 15.
Nd6 Bd7 16. Qa2 Rb8 17. Ba3 Na7 18. Ng5 Be8 19. h4 Nb5 20. Bc1 Nxd6 21. exd6
Bxd6 22. Re1 Qc8 23. Bd2 Qc4 24. Qb2 Bd7 25. Nf3 f6 26. Qc1 Kf7 27. Rb1 Rhg8
28. Bf4 Qc7 29. Bd2 Rg6 30. Qb2 b5 31. Kh1 Rbg8 32. Rg1 a5 33. c4 dxc4 34. d5
e5 35. Ra1 b4 36. Bc1 Qc5 37. Be3 Qxd5 38. Rgd1 Qe6 39. Qd2 Bc6 40. Bg5 Bc5 41.
Qe2 Be4 42. Qd2 fxg5 43. Qd7+ Qxd7 44. Rxd7+ Ke6 0-1

[Event "Open Brno 2014"]
[Site "Brno CZE"]
[Date "2014.11.15"]
[Round "1.20"]
[White "Spodny, Josef"]
[Black "Svoboda, Zdenek"]
[Result "1/2-1/2"]
[WhiteElo "1981"]
[BlackElo "1691"]
[PlyCount "37"]
[EventDate "2014.11.15"]
[EventType "swiss"]
[EventRounds "9"]
[EventCountry "CZE"]
[Source "lmi"]
[SourceDate "2014.11.15"]

1. e4 c6 2. d4 d5 3. e5 Bf5 4. c3 e6 5. Be3 Nd7 6. Qb3 Qb6 7. Nd2 Ne7 8. Ngf3
Ng6 9. Be2 Be7 10. O-O O-O 11. Bg5 Bxg5 12. Nxg5 Nf4 13. Rfe1 Nxe2+ 14. Rxe2
Rfc8 15. Ngf3 c5 16. Qxb6 axb6 17. a3 h6 18. Ree1 c4 19. Nf1 1/2-1/2

[Event "Open Brno 2014"]
[Site "Brno CZE"]
[Date "2014.11.15"]
[Round "1.21"]
[White "Glozar, Petr"]
[Black "Healy, Tom"]
[Result "0-1"]
[WhiteElo "1665"]
[BlackElo "1974"]
[PlyCount "36"]
[EventDate "2014.11.15"]
[EventType "swiss"]
[EventRounds "9"]
[EventCountry "CZE"]
[Source "lmi"]
[SourceDate "2014.11.15"]

1. e4 e5 2. Nf3 Nf6 3. Nxe5 d6 4. Nxf7 Kxf7 5. d4 Be7 6. Bc4+ d5 7. exd5 Bd6 8.
O-O Rf8 9. Bg5 Kg8 10. Nc3 Bf5 11. Bb3 Qe8 12. Bxf6 Rxf6 13. Re1 Qg6 14. Re3
Nd7 15. Nb5 Bg4 16. Qe1 Bf3 17. g3 Qh5 18. Nxc7 Qxh2+ 0-1

[Event "Open Brno 2014"]
[Site "Brno CZE"]
[Date "2014.11.15"]
[Round "1.22"]
[White "Davis, Lee"]
[Black "Romanek, Zdenek"]
[Result "1-0"]
[WhiteElo "1971"]
[BlackElo "1648"]
[PlyCount "69"]
[EventDate "2014.11.15"]
[EventType "swiss"]
[EventRounds "9"]
[EventCountry "CZE"]
[Source "lmi"]
[SourceDate "2014.11.15"]

1. d4 d5 2. g3 Nf6 3. Bg2 e6 4. Nf3 Be7 5. O-O O-O 6. c4 dxc4 7. Qc2 a6 8. Qxc4
b5 9. Qc2 Bb7 10. Bf4 Bd6 11. Bg5 Nbd7 12. Nbd2 c5 13. Bxf6 Qxf6 14. Ng5 Qxg5
15. Bxb7 Ra7 16. Bc6 Rc8 17. Bxd7 Rxd7 18. Rac1 Rdc7 19. Ne4 Qe7 20. dxc5 Bxc5
21. Qd2 Bb4 22. Rxc7 Rxc7 23. Qf4 Rc4 24. Rd1 Qb7 25. Rd8+ Bf8 26. Nd6 Rxf4 27.
Nxb7 Rc4 28. Ra8 Rc2 29. b4 g6 30. a3 Rxe2 31. Rxa6 Kg7 32. Ra7 Rc2 33. Nd8 Bd6
34. Rxf7+ Kh6 35. Rf3 1-0

[Event "Open Brno 2014"]
[Site "Brno CZE"]
[Date "2014.11.15"]
[Round "1.23"]
[White "Schoeppe, Christian"]
[Black "Popper, Tomas"]
[Result "0-1"]
[WhiteElo "1640"]
[BlackElo "1961"]
[PlyCount "82"]
[EventDate "2014.11.15"]
[EventType "swiss"]
[EventRounds "9"]
[EventCountry "CZE"]
[Source "lmi"]
[SourceDate "2014.11.15"]

1. Nf3 Nf6 2. g3 b6 3. d3 Bb7 4. Bg2 d6 5. c3 e5 6. a4 a6 7. b4 Be7 8. Bb2 O-O
9. Nbd2 Nbd7 10. O-O Nh5 11. e4 g6 12. d4 Bf6 13. d5 Bc8 14. Nb3 Bg7 15. Bc1 h6
16. Qc2 Kh7 17. g4 Nf4 18. Bxf4 exf4 19. Rfe1 Ne5 20. h3 Nxf3+ 21. Bxf3 Qh4 22.
Kg2 Bd7 23. Rad1 Bxa4 24. Rd3 Rae8 25. Ra1 Bb5 26. Rdd1 Re5 27. Nd4 h5 28. Nxb5
axb5 29. Rh1 Rfe8 30. Kf1 Kg8 31. gxh5 gxh5 32. Ra7 f5 33. Be2 Rxe4 34. Bxb5
Re1+ 35. Kg2 Rxh1 36. Qxf5 f3+ 37. Qxf3 Rf8 38. Qe3 Rxh3 39. Qe6+ Kh8 40. Ra2
Rh2+ 41. Kf1 Rhxf2+ 0-1

[Event "Open Brno 2014"]
[Site "Brno CZE"]
[Date "2014.11.15"]
[Round "1.24"]
[White "Gentsch, Peter"]
[Black "Bata, Jiri"]
[Result "1-0"]
[WhiteElo "1956"]
[BlackElo "1589"]
[PlyCount "83"]
[EventDate "2014.11.15"]
[EventType "swiss"]
[EventRounds "9"]
[EventCountry "CZE"]
[Source "lmi"]
[SourceDate "2014.11.15"]

1. d4 d5 2. c4 dxc4 3. Nf3 Nf6 4. e3 e6 5. Bxc4 c5 6. O-O Qc7 7. Qe2 a6 8. a4
cxd4 9. exd4 Be7 10. Bg5 O-O 11. Nc3 Rd8 12. Rac1 Nc6 13. Rfd1 Qb6 14. Be3 Qa5
15. Ba2 Bb4 16. Bb3 Bxc3 17. bxc3 Qc7 18. Bg5 Kh8 19. Bc2 Rg8 20. Qd3 Ne7 21.
Bxf6 Ng6 22. Be5 Qa5 23. h4 f5 24. h5 Nxe5 25. Nxe5 Qc7 26. Bb3 Rf8 27. Qh3 Rf6
28. c4 b6 29. Rd2 Bb7 30. Bd1 b5 31. Qb3 bxa4 32. Qxa4 Rd8 33. Qb3 Rb8 34. Qc3
Rc8 35. Bf3 Rh6 36. Rb2 Bxf3 37. Qxf3 Kg8 38. Rb7 Qa5 39. Qg3 g6 40. hxg6 Rc7
41. Rb8+ Kg7 42. gxh7+ 1-0